000 00328 a2200157 4500
001 162565
020 _a
040 _cMagnum
100 _aMurgel Branco, Samuel
240 1 0 _aO ambiente do campo
_lpor
245 1 0 _aO ambiente do campo
362 0 _a1899
440 1 _aModerna
697 _aIJ/PARADIDATICO
942 _cBK
999 _c162565
_d162565